<?xml version="1.0" encoding="UTF-8"?>
<record
    xmlns:xsi="http://www.w3.org/2001/XMLSchema-instance"
    xsi:schemaLocation="http://www.loc.gov/MARC21/slim http://www.loc.gov/standards/marcxml/schema/MARC21slim.xsd"
    xmlns="http://www.loc.gov/MARC21/slim">

  <leader>00494nam a2200169   4500</leader>
  <controlfield tag="003">SEACOMMC</controlfield>
  <controlfield tag="005">20250422150140.0</controlfield>
  <controlfield tag="008">250422b        |||||||| |||| 00| 0 eng d</controlfield>
  <datafield tag="020" ind1=" " ind2=" ">
    <subfield code="a">0-32-413475-4</subfield>
    <subfield code="c">Rs.495.00</subfield>
  </datafield>
  <datafield tag="040" ind1=" " ind2=" ">
    <subfield code="a">SEACOMMC</subfield>
  </datafield>
  <datafield tag="082" ind1=" " ind2=" ">
    <subfield code="a"> 332.04154 </subfield>
    <subfield code="b">S 784</subfield>
  </datafield>
  <datafield tag="100" ind1=" " ind2=" ">
    <subfield code="a">Stancill, James McNeill</subfield>
  </datafield>
  <datafield tag="245" ind1="1" ind2=" ">
    <subfield code="a">Entrepreneurial Finance: For New and Emerging Businesses</subfield>
    <subfield code="c">James McNeill Stancill</subfield>
  </datafield>
  <datafield tag="260" ind1=" " ind2=" ">
    <subfield code="a"> Singapore</subfield>
    <subfield code="b"> Thomson</subfield>
    <subfield code="c"> c 2004</subfield>
  </datafield>
  <datafield tag="650" ind1=" " ind2=" ">
    <subfield code="a"> Venture Capital</subfield>
  </datafield>
  <datafield tag="942" ind1=" " ind2=" ">
    <subfield code="c">BOOK</subfield>
  </datafield>
  <datafield tag="952" ind1=" " ind2=" ">
    <subfield code="0">0</subfield>
    <subfield code="1">0</subfield>
    <subfield code="2">ddc</subfield>
    <subfield code="4">0</subfield>
    <subfield code="7">0</subfield>
    <subfield code="a">SEACOMMC</subfield>
    <subfield code="b">SEACOMMC</subfield>
    <subfield code="c">REF</subfield>
    <subfield code="d">2007-11-01</subfield>
    <subfield code="l">0</subfield>
    <subfield code="o"> 332.04154  S 784</subfield>
    <subfield code="p">M-610</subfield>
    <subfield code="r">2025-04-22 15:02:38</subfield>
    <subfield code="w">2025-04-22</subfield>
    <subfield code="y">REF</subfield>
  </datafield>
  <datafield tag="952" ind1=" " ind2=" ">
    <subfield code="0">0</subfield>
    <subfield code="1">0</subfield>
    <subfield code="2">ddc</subfield>
    <subfield code="4">0</subfield>
    <subfield code="7">0</subfield>
    <subfield code="a">SEACOMMC</subfield>
    <subfield code="b">SEACOMMC</subfield>
    <subfield code="d">2007-11-01</subfield>
    <subfield code="l">0</subfield>
    <subfield code="o"> 332.04154  S 784</subfield>
    <subfield code="p">M-611</subfield>
    <subfield code="r">2025-04-22 15:03:11</subfield>
    <subfield code="t">1</subfield>
    <subfield code="w">2025-04-22</subfield>
    <subfield code="y">BOOK</subfield>
  </datafield>
  <datafield tag="952" ind1=" " ind2=" ">
    <subfield code="0">0</subfield>
    <subfield code="1">0</subfield>
    <subfield code="2">ddc</subfield>
    <subfield code="4">0</subfield>
    <subfield code="7">0</subfield>
    <subfield code="a">SEACOMMC</subfield>
    <subfield code="b">SEACOMMC</subfield>
    <subfield code="d">2007-11-01</subfield>
    <subfield code="l">0</subfield>
    <subfield code="o"> 332.04154  S 784</subfield>
    <subfield code="p">M-612</subfield>
    <subfield code="r">2025-04-22 15:03:11</subfield>
    <subfield code="t">2</subfield>
    <subfield code="w">2025-04-22</subfield>
    <subfield code="y">BOOK</subfield>
  </datafield>
  <datafield tag="999" ind1=" " ind2=" ">
    <subfield code="c">1207</subfield>
    <subfield code="d">1207</subfield>
  </datafield>
</record>
